| 000 | 00346nam a22001577a 4500 | ||
|---|---|---|---|
| 020 | _a81-8204-022-1 | ||
| 082 |
_a641 _bVIK |
||
| 100 | _aVIKAS KUMAR | ||
| 245 | _aFOOD PRODUCTION MANAGEMENT | ||
| 250 | _a1ST | ||
| 260 |
_aDELHI _bAMAN _c2006 |
||
| 300 | _a269 | ||
| 650 | _aFOOD AND PRODUCTION | ||
| 653 | _aFOOD, PRODUCTION | ||
| 942 |
_2ddc _cBK |
||
| 999 |
_c8038 _d8038 |
||